Handbook of literary terms : (Record no. 2234)

MARC details
000 -LEADER
fixed length control field 01361cac a22003251i 4500
003 - CONTROL NUMBER IDENTIFIER
control field EG-ScBUE
005 - DATE AND TIME OF LATEST TRANSACTION
control field 20191230095112.0
008 - FIXED-LENGTH DATA ELEMENTS--GENERAL INFORMATION
fixed length control field 190724t2005 nyu f 000 0 eng d
020 ## - INTERNATIONAL STANDARD BOOK NUMBER
International Standard Book Number 0321202074
020 ## - INTERNATIONAL STANDARD BOOK NUMBER
International Standard Book Number 9780321202079
040 ## - CATALOGING SOURCE
Original cataloging agency EG-ScBUE
Language of cataloging eng
Description conventions rda
Transcribing agency EG-ScBUE
Modifying agency EG-ScBUE
082 04 - DEWEY DECIMAL CLASSIFICATION NUMBER
Classification number 803
Item number KEN
Edition number 22
100 1# - MAIN ENTRY--PERSONAL NAME
Personal name Kennedy, X. J,
Relator term author.
9 (RLIN) 18877
245 10 - TITLE STATEMENT
Title Handbook of literary terms :
Remainder of title literature, language, theory /
Statement of responsibility, etc X. J. Kennedy, Dana Gioia, Mark Bauerlein.
264 #1 - PUBLICATION, DISTRIBUTION, ETC. (IMPRINT)
Place of publication, distribution, etc New York :
Name of publisher, distributor, etc Pearson / Longman,
Date of publication, distribution, etc [2005]
264 #4 - PUBLICATION, DISTRIBUTION, ETC. (IMPRINT)
Date of publication, distribution, etc c 2005
300 ## - PHYSICAL DESCRIPTION
Extent viii, 165 pages ;
Dimensions 21 cm
336 ## - CONTENT TYPE
Source rdacontent
Content type term text
Content type code txt
337 ## - MEDIA TYPE
Source rdamedia
Media type term unmediated
Media type code n
338 ## - CARRIER TYPE
Source rdacarrier
Carrier type term volume
Carrier type code nc
520 ## - SUMMARY, ETC.
Summary, etc A practical, instructive, and comprehensive guide to the language of literary study, Kennedy's A Handbook of Literary Terms is a reference manual that aims to demystify literature and the techniques literary scholars use. Over 400 entries. Clear, concise, and accessible definitions of key literary terms.
590 ## - LOCAL NOTE (RLIN)
Local note SHEFAA IBRAHEM
650 #0 - SUBJECT ADDED ENTRY--TOPICAL TERM
Topical term or geographic name as entry element Literature
Form subdivision Terminology.
Source of heading or term BUEsh
9 (RLIN) 30358
650 #7 - SUBJECT ADDED ENTRY--TOPICAL TERM
Topical term or geographic name as entry element Criticism
Form subdivision Terminology.
Source of heading or term BUEsh
9 (RLIN) 30359
653 ## - INDEX TERM--UNCONTROLLED
Resource For college Humanities: English
Arrived date list July2019
655 ## - INDEX TERM--GENRE/FORM
Form subdivision Reading book
700 1# - ADDED ENTRY--PERSONAL NAME
Personal name Gioia, Dana,
Relator term author.
9 (RLIN) 18878
700 1# - ADDED ENTRY--PERSONAL NAME
Personal name Bauerlein, Mark,
Relator term author.
942 ## - ADDED ENTRY ELEMENTS (KOHA)
Koha item type Book - Borrowing
Call number prefix 803 KEN
Source of classification or shelving scheme Dewey Decimal Classification
Holdings
Withdrawn status Lost status Damaged status Not for loan Home library Current library Shelving location Date acquired Source of acquisition Total Checkouts Total Renewals Full call number Barcode Date last seen Date checked out Cost, replacement price Price effective from Koha item type
        Central Library Central Library Second Floor 07/02/2014 Purchase 1 1 803 KEN 000002089 15/07/2025 11/09/2014 218.00 14/02/2007 Book - Borrowing